000 00257 a2200073 4500
245 0 _aNajwłaściwszy jednolity system telefonicznych sieci miejskich /
_cMajewski Adam.
710 2 _aInstytut Łączności.
_eWydawca
_4pbl
260 _aWarszawa :
_bIŁ,
_c1961.
300 _aV, 72 s.;
_c30 cm.
999 _c15043
_d15043